Sélections de Florian Thauvin en EDF - Statistiques

Statistiques générales
  • Ce quiz a été pris 29 fois
    10 depuis la dernière actualisation
  • Le résultat moyen est 5 sur 12
Statistiques - réponses
Sélection Date Pays Compétition % Correct
5 30 juin 2018 Argentine Coupe du monde 2018
75%
6 11 octobre 2018 Islande Match amical
75%
12 13 octobre 2025 Islande Qualif Mondial 2026
75%
11 10 octobre 2025 Azerbaïdjan Qualif Mondial 2026
63%
3 23 mars 2018 Colombie Match amical
38%
4 1 juin 2018 Italie Match amical
38%
8 22 mars 2019 Moldavie Qualif Euro 2020
38%
7 20 novembre 2018 Uruguay Match amical
38%
10 11 juin 2019 Andorre Qualif Euro 2020
25%
1 2 juin 2017 Paraguay Match amical
25%
9 2 juin 2019 Bolivie Match amical
13%
2 10 novembre 2017 Pays de Galles Match amical
13%
Aucun quiz correspondant
Distribution des résultats
% des personnes avec chaque résultat
Percentile par nombre de réponses
Votre historique - résultats
Vous n’avez pas pris ce quiz depuis la dernière actualisation